000
00324nam a22001457a 4500
020
_a
818858240-9
082
_a
894.812.3
_b
BAR/P
100
_a
BABU BHARATHDWAJ
245
_a
PARETHATHMAKKALKK APPAVUM VEENJUM
260
_a
THRISSUR
_b
GREEN BOOKS
_c
2004
300
_a
107
520
_a
NOVEL
650
_a
NOVEL
942
_c
BK
999
_c
4776
_d
4776